Normal view
MARC view
- Qano, Kalkar Rinjan
Entry Personal Name
001 - CONTROL NUMBER
- control field: 110232
003 - CONTROL NUMBER IDENTIFIER
- control field: NUST
005 - DATE AND TIME OF LATEST TRANSACTION
- control field: 20230314104057.0
008 - FIXED-LENGTH DATA ELEMENTS
- fixed length control field: 230314|| aca||aabn | a|a d
040 ## - CATALOGING SOURCE
- Original cataloging agency: NUST
- Transcribing agency: NUST
100 ## - HEADING--PERSONAL NAME
- Personal name: Qano, Kalkar Rinjan
670 ## - SOURCE DATA FOUND
- Source citation: Work cat.: (NUST): Qano, Kalkar Rinjan, Sher Shah Suri Tareekh E Alam, 2011.
